000 00981cab a2200277 4500
001 ABS52183
008 090401t1995 xxu||||| |||| 00| 0 eng d
035 _a(Sirsi) u64906
041 _aeng
245 _aRecruitment
260 _c1995
350 _a0
490 _aEstates Gazette
_v(9504) 28 January 1995, 135-145(9)
520 _aSpecial report on recruitment issues including an analysis of the results of the latest Estates Gazette/Reuter Simkin salary survey, a review of how to attract graduates, a survey of the property industry`s recruitment of the disabled and an article on interview techniques.
650 _aBENEFITS
650 _aBONUSES
650 _aDISABILITY DISCRIMINATION ACT 1995
650 _aEQUAL OPPORTUNITIES
650 _aGRADUATE RECRUITMENT
650 _aINTERVIEWS
650 _aREUTER SIMKIN
650 _aSALARY SURVEYS
690 _aMANAGEMENT-BUSINESS MANAGEMENT-PROFESSIONAL PRACTICE
942 _n0
948 _c04/03/1997
999 _c40442
_d40442